7 ensayos de interpretación de la realidad peruana / (Record no. 7525)
[ view plain ]
| 000 -LEADER | |
|---|---|
| campo de control de longitud fija | 01081nam a2200301 i 4500 |
| 001 - NÚMERO DE CONTROL | |
| campo de control | 7525 |
| 003 - IDENTIFICADOR DE NÚMERO DE CONTROL | |
| campo de control | ES-MaACL |
| 005 - FECHA Y HORA DE LA ÚLTIMA TRANSACCIÓN | |
| campo de control | 20240223063021.0 |
| 007 - CAMPO FIJO DE DESCRIPCIÓN FÍSICA--INFORMACIÓN GENERAL | |
| campo de control de longitud fija | t| |
| 008 - DATOS DE LONGITUD FIJA--INFORMACIÓN GENERAL | |
| campo de control de longitud fija | 910128s1979 ve |||| | spa d |
| 020 ## - NÚMERO INTERNACIONAL ESTÁNDAR DEL LIBRO | |
| Número Internacional Estándar del Libro | 84-660-0033-X |
| 080 ## - NÚMERO DE LA CLASIFICACIÓN DECIMAL UNIVERSAL | |
| Número de la Clasificación Decimal Universal | 9(85) |
| 080 ## - NÚMERO DE LA CLASIFICACIÓN DECIMAL UNIVERSAL | |
| Número de la Clasificación Decimal Universal | 308(85) |
| 100 1# - ENTRADA PRINCIPAL--NOMBRE DE PERSONA | |
| Nombre de persona | Mariátegui, José Carlos, |
| Fechas asociadas al nombre | 1894-1930 |
| 9 (RLIN) | 76693 |
| 245 10 - MENCIÓN DEL TÍTULO | |
| Título | 7 ensayos de interpretación de la realidad peruana / |
| Mención de responsabilidad, etc. | José Carlos Mariátegui ; prólogo, Aníbal Quijano ; notas y cronología, Elizabeth Garrels. |
| 246 3# - FORMA VARIANTE DEL TITULO | |
| Título propio/Titulo breve | Siete ensayos de interpretación de la realidad peruana |
| 260 ## - PUBLICACIÓN, DISTRIBUCIÓN, ETC. | |
| Lugar de publicación, distribución, etc. | Caracas : |
| Nombre del editor, distribuidor, etc. | Biblioteca Ayacucho, |
| Fecha de publicación, distribución, etc. | 1979. |
| 300 ## - DESCRIPCIÓN FÍSICA | |
| Extensión | XC, 335 p. ; |
| Dimensiones | 23 cm. |
| 490 1# - MENCIÓN DE SERIE | |
| Mención de serie | Biblioteca Ayacucho ; |
| Designación de volumen o secuencia | 69 |
| 651 #4 - PUNTO DE ACCESO ADICIONAL DE MATERIA--NOMBRE GEOGRÁFICO | |
| Nombre geográfico | Perú- |
| Subdivisión general | Civilización. |
| 9 (RLIN) | 9221 |
| 651 #4 - PUNTO DE ACCESO ADICIONAL DE MATERIA--NOMBRE GEOGRÁFICO | |
| Nombre geográfico | Perú- |
| Subdivisión general | Situación económica. |
| 9 (RLIN) | 167836 |
| 651 #4 - PUNTO DE ACCESO ADICIONAL DE MATERIA--NOMBRE GEOGRÁFICO | |
| Nombre geográfico | Perú- |
| Subdivisión general | Situación social. |
| 9 (RLIN) | 9232 |
| 700 1# - ENTRADA AGREGADA--NOMBRE PERSONAL | |
| Nombre de persona | Quijano, Aníbal. |
| 9 (RLIN) | 94616 |
| 700 1# - ENTRADA AGREGADA--NOMBRE PERSONAL | |
| Nombre de persona | Garrels, Elizabeth. |
| 9 (RLIN) | 55651 |
| 830 0# - PUNTO DE ACCESO ADICIONAL DE SERIE-TÍTULO UNIFORME | |
| Título uniforme | Biblioteca Ayacucho ; |
| Designación de volumen o secuencia | 69 |
| 9 (RLIN) | 177888 |
| 852 ## - LOCALIZACIÓN | |
| Ubicación | ES-MaACL |
| Número de control de estantería | L-14738 |
| Nota libre | - Enc. cart. |
| Estatus retirado | Estado de pérdida | Estado de daño | No para préstamo | Biblioteca de origen | Biblioteca actual | Ubicación en estantería | Fecha de adquisición | Fuente de adquisición | Total de préstamos | Signatura topográfica completa | Código de barras | Visto por última vez | Precio de reemplazo | Tipo de ítem Koha |
|---|---|---|---|---|---|---|---|---|---|---|---|---|---|---|
| Biblioteca del Ateneo de Madrid | Biblioteca del Ateneo de Madrid | Depósito 2 | 17/01/2008 | L-14738 | 1007678 | 23/02/2023 | 23/02/2023 | Libro impreso |
